[Event "Specialiste 2"]
[Site "Montreal CAN"]
[Date "1982.10.23"]
[Round "2"]
[White "Spraggett, Kevin"]
[Black "Morin, Louis"]
[Result "1-0"]
[WhiteElo "2537"]
[BlackElo "1993"]
[PlyCount "73"]
[GameId "2160767912811221"]
[EventDate "1982.10.22"]
[EventType "swiss"]
[EventRounds "5"]
[EventCountry "CAN"]
[SourceTitle "hb 2013"]

1. d4 Nf6 2. c4 e6 3. Nc3 d5 4. cxd5 exd5 5. Bg5 Nbd7 6. e3 Be7 7. Qc2 O-O 8. Bd3 Re8 9. Nge2 Nf8 10. O-O c6 11. Rab1 Ng6 12. b4 a6 13. Ng3 Ng4 14. Bxe7 Qxe7 15. Rfe1 Qh4 16. Nf1 Qf6 17. f3 Nh6 18. Ng3 Nf8 19. Na4 b5 20. Nc5 g6 21. Nb3 Qd6 22. e4 Bd7 23. Qd2 Kg7 24. e5 Qc7 25. f4 f5 26. Nf1 Ng8 27. Ne3 Ne7 28. Rf1 Nc8 29. g4 fxg4 30. f5 gxf5 31. Bxf5 Bxf5 32. Nxf5+ Kh8 33. Qg5 Ne6 34. Qf6+ Ng7 35. Rf4 h5 36. Qh6+ Kg8 37. Qg6 1-0

[Event "Specialiste 2"]
[Site "Montreal CAN"]
[Date "1982.10.23"]
[Round "3"]
[White "Morin, Louis"]
[Black "Batlgailis, Vesma"]
[Result "0-1"]
[WhiteElo "1993"]
[BlackElo "1704"]
[PlyCount "92"]
[GameId "2160767912811222"]
[EventDate "1982.10.22"]
[EventType "swiss"]
[EventRounds "5"]
[EventCountry "CAN"]
[SourceTitle "hb 2013"]

1. e4 d5 2. exd5 Qxd5 3. Nc3 Qd8 4. d4 g6 5. Be3 Nh6 6. Qd2 Nf5 7. O-O-O Bg7 8. Nf3 Nxe3 9. fxe3 O-O 10. e4 c6 11. h3 b5 12. Kb1 a5 13. g4 a4 14. Ne2 Qb6 15. Ng3 b4 16. c4 bxc3 17. Qxc3 Na6 18. Bc4 c5 19. e5 cxd4 20. Qxd4 Qxd4 21. Rxd4 e6 22. Re1 Bb7 23. Nd2 Nc5 24. b4 axb3 25. Nxb3 Na4 26. Re3 Rfd8 27. Rxd8+ Rxd8 28. Na5 Bd5 29. Ne2 Bxc4 30. Nxc4 Rc8 31. Nd6 Rb8+ 32. Kc2 Rb2+ 33. Kd3 Rxa2 34. Nc4 Nb2+ 35. Nxb2 Rxb2 36. g5 Rb5 37. Kd4 Rd5+ 38. Kc4 Bxe5 39. Ra3 Kg7 40. Rf3 Rd2 41. Re3 Rd5 42. Rf3 Bd6 43. h4 Rf5 44. Rd3 Be5 45. Re3 h6 46. gxh6+ Kxh6 0-1

[Event "Specialiste op"]
[Site "Montreal CAN"]
[Date "1982.01.29"]
[Round "1"]
[White "Marchand, Jacques"]
[Black "Gendron, Bernard"]
[Result "0-1"]
[WhiteElo "2066"]
[BlackElo "1595"]
[PlyCount "70"]
[GameId "2160767912848864"]
[EventDate "1982.01.29"]
[EventType "swiss"]
[EventRounds "5"]
[EventCountry "CAN"]
[SourceTitle "Spechecs #6"]

1. e4 c5 2. d3 Nc6 3. g3 e6 4. Bg2 Nf6 5. Nf3 d5 6. Nbd2 Be7 7. O-O b6 8. Re1 Bb7 9. e5 Nd7 10. Nf1 Qc7 11. Qe2 O-O-O 12. c3 h6 13. a3 g5 14. h3 Rdg8 15. b4 g4 16. hxg4 Rxg4 17. Bf4 h5 18. Ne3 Rg7 19. Nxd5 Qd8 20. Nxe7+ Nxe7 21. Nh4 Bxg2 22. Nxg2 Nd5 23. Qf3 Kb8 24. Bd2 h4 25. c4 Ne7 26. g4 Qg8 27. Ne3 Ng6 28. Bc3 h3 29. bxc5 Nxc5 30. Red1 Nh4 31. Qf4 Nf5 32. f3 Nxe3 33. Qxe3 Rxg4+ 34. Kh1 Rg2 35. Be1 h2 0-1

[Event "Specialiste op"]
[Site "Montreal CAN"]
[Date "1982.01.31"]
[Round "5"]
[White "Gendron, Bernard"]
[Black "Groleau, Gilles"]
[Result "1-0"]
[WhiteElo "1595"]
[BlackElo "1843"]
[PlyCount "70"]
[GameId "2160767912848870"]
[EventDate "1982.01.29"]
[EventType "swiss"]
[EventRounds "5"]
[EventCountry "CAN"]
[SourceTitle "Spechecs #6"]

1. d4 f5 2. g3 Nf6 3. Bg2 e6 4. Nf3 Be7 5. c4 d6 6. O-O O-O 7. Nc3 Qe8 8. b4 Qh5 9. Qc2 Nbd7 10. Bf4 h6 11. e4 fxe4 12. Nxe4 g5 13. Bd2 Nxe4 14. Qxe4 Nf6 15. Qc2 Bd7 16. Bc3 Rf7 17. Rfe1 Raf8 18. Qe2 Bc6 19. d5 exd5 20. b5 Bd7 21. cxd5 Nxd5 22. Qc4 c6 23. Nd4 Nb6 24. Qd3 d5 25. bxc6 bxc6 26. Nxc6 Bc5 27. Bd4 Bxd4 28. Nxd4 Rxf2 29. Ne6 R8f6 30. Nc5 Qf7 31. Qd4 Bc6 32. Nd3 Rd2 33. Rf1 Rxg2+ 34. Kxg2 Rxf1 35. Rxf1 Qe6 1-0

[Event "Specialiste qual 2"]
[Site "Montreal CAN"]
[Date "1982.09.18"]
[Round "1"]
[White "Martinez, Jean-Francois"]
[Black "Morin, Louis"]
[Result "1-0"]
[WhiteElo "1667"]
[BlackElo "1879"]
[PlyCount "106"]
[GameId "2160767912848174"]
[EventDate "1982.09.18"]
[EventType "swiss"]
[EventRounds "4"]
[EventCountry "CAN"]
[SourceTitle "hb 2013"]

1. d4 Nf6 2. c4 e6 3. Nc3 d5 4. g3 c5 5. e3 Nc6 6. Nge2 Be7 7. Bg2 dxc4 8. O-O Bd7 9. a3 O-O 10. Qc2 Rc8 11. Rd1 Na5 12. Rb1 Qc7 13. Bd2 Nb3 14. Be1 cxd4 15. Nxd4 Nxd4 16. Rxd4 e5 17. Rd2 Bc6 18. f3 Bc5 19. Bf2 e4 20. Nxe4 Bxe4 21. fxe4 Ng4 22. Re1 Ne5 23. Red1 Qb6 24. Qc3 f6 25. Kf1 Kh8 26. Kg1 Rfd8 27. Rd5 Rxd5 28. exd5 Nd3 29. Rd2 Bxe3 30. Rxd3 Bxf2+ 31. Kh1 Re8 32. Rd1 Qc5 33. d6 b5 34. d7 Rd8 35. Qf3 Bd4 36. Qe4 Be5 37. Qf5 Qe7 38. Qe4 g6 39. Qd5 a6 40. Qd2 Bc7 41. Bb7 a5 42. Bc6 b4 43. axb4 axb4 44. Qd4 c3 45. bxc3 Be5 46. Qxb4 Qxb4 47. cxb4 Kg7 48. Kg2 Kf8 49. Kf3 Ke7 50. Ke4 Bc3 51. b5 Ba5 52. Kd5 Bb4 53. b6 Ba5 1-0

[Event "Specialiste qual 2"]
[Site "Montreal CAN"]
[Date "1982.09.18"]
[Round "2"]
[White "Morin, Louis"]
[Black "Landry, Sylvain"]
[Result "1-0"]
[WhiteElo "1879"]
[BlackElo "1490"]
[PlyCount "83"]
[GameId "2160767912848175"]
[EventDate "1982.09.18"]
[EventType "swiss"]
[EventRounds "4"]
[EventCountry "CAN"]
[SourceTitle "hb 2013"]

1. e4 c5 2. Nf3 d6 3. d4 cxd4 4. Nxd4 Nf6 5. Nc3 a6 6. Bg5 e6 7. Qf3 Be7 8. O-O-O Qc7 9. Rg1 Nbd7 10. g4 Ne5 11. Qe2 Bd7 12. Be3 O-O-O 13. g5 Ne8 14. f4 Nc6 15. Qf2 Kb8 16. Ndb5 axb5 17. Bb6 Qc8 18. Nxb5 Ka8 19. Rg3 d5 20. Rc3 Qb8 21. Rdd3 Na5 22. Nc7+ Nxc7 23. Bxc7 Qa7 24. Bb6 Qb8 25. Bxa5 Rc8 26. Ra3 Bxa3 27. Bc7 Be7 28. Bxb8 Kxb8 29. exd5 Bc5 30. Qg3 Bb5 31. f5+ Ka7 32. Ra3+ Bxa3 33. Qxa3+ Kb6 34. Qd6+ Ka5 35. Bxb5 Kxb5 36. dxe6 fxe6 37. fxe6 Rcd8 38. Qe5+ Kb6 39. e7 Ra8 40. Qxg7 Rhg8 41. Qxh7 Rxg5 42. Qh6+ 1-0

[Event "Specialiste qual 2"]
[Site "Montreal CAN"]
[Date "1982.09.19"]
[Round "3"]
[White "Ariwood, Fanklin"]
[Black "Morin, Louis"]
[Result "0-1"]
[WhiteElo "1240"]
[BlackElo "1879"]
[PlyCount "73"]
[GameId "2160767912848176"]
[EventDate "1982.09.18"]
[EventType "swiss"]
[EventRounds "4"]
[EventCountry "CAN"]
[SourceTitle "hb 2013"]

1. e4 c5 2. Nf3 e6 3. Be2 Nc6 4. c3 Nf6 5. e5 Nd5 6. d4 cxd4 7. cxd4 d6 8. Bd2 Qc7 9. exd6 Bxd6 10. Nc3 Nxc3 11. Bxc3 O-O 12. O-O Rd8 13. Qc1 Bf4 14. Qe1 Ne7 15. g3 Bh6 16. Bd2 Bxd2 17. Qxd2 Bd7 18. Rac1 Qd6 19. Rfd1 Rac8 20. Qg5 Rxc1 21. Rxc1 Bc6 22. Ne5 f6 23. Qh4 fxe5 24. dxe5 Qd5 25. f3 Qd4+ 26. Qxd4 Rxd4 27. Rc2 Kf7 28. Kf2 Nf5 29. Bc4 Rd1 30. Be2 Rh1 31. h4 Nd4 32. Rc5 Rh2+ 33. Kf1 Nxe2 34. g4 Nd4 35. h5 Nxf3 36. b4 Rb2 37. a3 0-1

[Event "Specialiste qual 2"]
[Site "Montreal CAN"]
[Date "1982.09.19"]
[Round "4"]
[White "Morin, Louis"]
[Black "Dupuis, Stephane"]
[Result "1/2-1/2"]
[WhiteElo "1879"]
[BlackElo "2107"]
[PlyCount "68"]
[GameId "2160767912848177"]
[EventDate "1982.09.18"]
[EventType "swiss"]
[EventRounds "4"]
[EventCountry "CAN"]
[SourceTitle "hb 2013"]

1. e4 Nc6 2. d4 d5 3. Nc3 e6 4. e5 b6 5. Nf3 Qd7 6. a3 Bb7 7. Bd3 O-O-O 8. Qe2 Kb8 9. Bd2 f5 10. Na2 Nge7 11. Nb4 Nc8 12. Nxc6+ Bxc6 13. Bb4 Be7 14. c3 Bb7 15. Bxe7 Nxe7 16. b4 Rc8 17. a4 c5 18. b5 cxd4 19. cxd4 Rc3 20. Qd2 Rhc8 21. Ke2 h6 22. Rhc1 Rxc1 23. Rxc1 Rxc1 24. Qxc1 Qe8 25. Qa3 Ng6 26. g3 Qe7 27. Qxe7 Nxe7 28. Nd2 Bc8 29. Ke3 Bd7 30. Be2 a6 31. Nb1 a5 32. Bh5 g6 33. Bd1 Be8 34. Nc3 Kc7 1/2-1/2

[Event "Spring op"]
[Site "Toronto CAN"]
[Date "1982.05.01"]
[Round "?"]
[White "Hartman, Brian"]
[Black "Pelts, Roman"]
[Result "1/2-1/2"]
[WhiteElo "2221"]
[BlackElo "2414"]
[PlyCount "97"]
[GameId "2160767912848577"]
[EventDate "1982.04.30"]
[EventType "swiss"]
[EventRounds "5"]
[EventCountry "CAN"]
[SourceTitle "CFC 1982.07"]

1. e4 c5 2. Nf3 d6 3. d4 cxd4 4. Nxd4 Nf6 5. Nc3 Nc6 6. Bc4 e6 7. Be3 Qc7 8. Bb3 a6 9. Qe2 Be7 10. O-O-O Na5 11. g4 Nxb3+ 12. axb3 b5 13. g5 Nd7 14. Nf5 exf5 15. Nd5 Qd8 16. exf5 Bb7 17. f6 Bxd5 18. Rxd5 gxf6 19. Bd4 Rg8 20. gxf6 Nxf6 21. Bxf6 Rg6 22. Rg5 Kf8 23. Bxe7+ Qxe7 24. Qxe7+ Kxe7 25. Re1+ Kf8 26. Rh5 h6 27. Kd2 Rf6 28. f4 Rc8 29. Re4 Rg6 30. c4 Rb8 31. Kc3 Kg7 32. Rh3 bxc4 33. bxc4 a5 34. Rg3 a4 35. Rxg6+ Kxg6 36. Rd4 Rb6 37. Rd5 Rb3+ 38. Kc2 Rh3 39. Rxd6+ Kf5 40. c5 Kxf4 41. Rf6+ Ke5 42. Rxf7 Kd5 43. Rf5+ Kc6 44. Rf4 Kb5 45. c6 Rxh2+ 46. Kc3 Rh3+ 47. Kd2 Rh2+ 48. Kc3 Rh3+ 49. Kd2 1/2-1/2

[Event "Spring op"]
[Site "Toronto CAN"]
[Date "1982.05.01"]
[Round "?"]
[White "Pelts, Roman"]
[Black "Findlay, Ian"]
[Result "1/2-1/2"]
[WhiteElo "2414"]
[BlackElo "2271"]
[PlyCount "90"]
[GameId "2160767912848578"]
[EventDate "1982.04.30"]
[EventType "swiss"]
[EventRounds "5"]
[EventCountry "CAN"]
[SourceTitle "CFC 1982.07"]

1. Nf3 d5 2. g3 Nf6 3. Bg2 e6 4. O-O c5 5. c4 Nc6 6. cxd5 exd5 7. d4 Be7 8. dxc5 Bxc5 9. Bg5 Be7 10. Nc3 Be6 11. Qa4 O-O 12. Rad1 Qb6 13. Rd2 Rad8 14. Be3 Qb4 15. Nd4 Na5 16. Nxe6 fxe6 17. Qxb4 Bxb4 18. Bxa7 Nc4 19. Rc2 Bxc3 20. Rxc3 Ra8 21. Bc5 Rfc8 22. Bb4 Nxb2 23. Bh3 Kf7 24. Rxc8 Rxc8 25. Rb1 Nc4 26. Bc3 b6 27. a4 Ne4 28. Bd4 Ra8 29. Bxb6 Rb8 30. a5 Nxa5 31. Ra1 Rxb6 32. Rxa5 Kg6 33. Ra1 Kf6 34. Bg4 g6 35. h4 h5 36. Bf3 Nd2 37. Ra3 Rb3 38. Rxb3 Nxb3 39. e3 Nd2 40. Bg2 g5 41. hxg5+ Kxg5 42. Bh3 Kf6 43. f4 d4 44. exd4 Nf3+ 45. Kf2 Nxd4 1/2-1/2

[Event "TORO"]
[Site "Hull CAN"]
[Date "1982.11.26"]
[Round "1"]
[White "Tourigny, Pierre"]
[Black "Morin, Louis"]
[Result "1/2-1/2"]
[WhiteElo "1625"]
[BlackElo "1906"]
[PlyCount "120"]
[GameId "2160767912811181"]
[EventDate "1982.11.26"]
[EventType "swiss"]
[EventRounds "5"]
[EventCountry "CAN"]
[SourceTitle "hb 2013"]

1. b3 e5 2. Bb2 Nc6 3. e3 d5 4. Bb5 f6 5. Ne2 Bd6 6. c4 Be6 7. cxd5 Bxd5 8. O-O Nge7 9. Nbc3 a6 10. Nxd5 axb5 11. Ndc3 b4 12. Ne4 O-O 13. Nxd6 Qxd6 14. Qc2 Rfd8 15. Rfd1 Qd3 16. Qxd3 Rxd3 17. f4 Rad8 18. Kf2 Rxd2 19. Rxd2 Rxd2 20. Bc1 Rd8 21. Ke1 Nf5 22. Bd2 Rd3 23. g3 Nxe3 24. Bxe3 Rxe3 25. Kd2 exf4 26. Nxf4 Re5 27. Rc1 Kf7 28. Kd3 g5 29. Nh3 h5 30. Rc2 Ke6 31. Nf2 f5 32. Nh3 Kf6 33. Ng1 Re4 34. Nf3 g4 35. Nh4 Ne5+ 36. Kd2 c6 37. Rc5 b6 38. Rc1 f4 39. gxf4 Rxf4 40. Ke3 Kg5 41. Rd1 Rf7 42. Ng2 Rd7 43. Rxd7 Nxd7 44. Ke4 h4 45. Ne3 g3 46. hxg3 hxg3 47. Kf3 Kh4 48. Nf5+ Kh3 49. Nxg3 Ne5+ 50. Ke4 Nf7 51. Nf5 Kg2 52. Kd4 Kf3 53. Kc4 Ke4 54. Ne7 Ne5+ 55. Kxb4 Kd3 56. Nc8 Nd7 57. Nxb6 Nxb6 58. Kc5 Nd5 59. a4 Kc3 60. Kxc6 Kxb3 1/2-1/2

[Event "TORO"]
[Site "Hull CAN"]
[Date "1982.11.27"]
[Round "2"]
[White "Guay, Pierre"]
[Black "Morin, Louis"]
[Result "0-1"]
[WhiteElo "1345"]
[BlackElo "1906"]
[PlyCount "78"]
[GameId "2160767912811182"]
[EventDate "1982.11.26"]
[EventType "swiss"]
[EventRounds "5"]
[EventCountry "CAN"]
[SourceTitle "hb 2013"]

1. c4 Nf6 2. Nc3 c5 3. g3 Nc6 4. Bg2 e6 5. e4 d6 6. Nge2 Be7 7. O-O O-O 8. d3 Bd7 9. Kh1 Qc8 10. Ng1 Ne8 11. Rb1 Nd4 12. Be3 Bc6 13. Nce2 Nxe2 14. Qxe2 b6 15. d4 cxd4 16. Bxd4 Qb7 17. b3 e5 18. Ba1 f5 19. f3 fxe4 20. fxe4 Rxf1 21. Rxf1 Nf6 22. Re1 b5 23. cxb5 Bxb5 24. Qe3 Bd8 25. b4 Bc6 26. a3 Kh8 27. Nh3 h6 28. Bf3 Bb6 29. Qd3 Qd7 30. Kg2 Bb5 31. Qd2 Rc8 32. Nf2 Qc7 33. Bd1 Qc1 34. Qa2 Bxf2 35. Kxf2 Nxe4+ 36. Kg1 Ng5 37. Kf2 Rf8+ 38. Kg2 Bc6+ 39. Kg1 Nh3# 0-1

[Event "TORO"]
[Site "Hull CAN"]
[Date "1982.11.27"]
[Round "3"]
[White "Morin, Louis"]
[Black "Lalonde, Mario"]
[Result "1-0"]
[WhiteElo "1906"]
[BlackElo "1631"]
[PlyCount "53"]
[GameId "2160767912811183"]
[EventDate "1982.11.26"]
[EventType "swiss"]
[EventRounds "5"]
[EventCountry "CAN"]
[SourceTitle "hb 2013"]

1. e4 c5 2. Nf3 d6 3. d4 cxd4 4. Nxd4 Nf6 5. Nc3 a6 6. Bg5 e6 7. Qf3 Be7 8. O-O-O O-O 9. Rg1 Nbd7 10. g4 b5 11. Nc6 Qe8 12. Nxe7+ Qxe7 13. e5 Nxe5 14. Qxa8 Bb7 15. Qa7 Nf3 16. Bxf6 gxf6 17. Rg3 Ne5 18. Bg2 Ra8 19. Qxb7 Qxb7 20. Bxb7 Rb8 21. Bxa6 b4 22. Ne4 Ra8 23. Nxf6+ Kg7 24. Nh5+ Kh6 25. Rxd6 Nxg4 26. Rxg4 Kxh5 27. Rxb4 1-0

[Event "TORO"]
[Site "Hull CAN"]
[Date "1982.11.28"]
[Round "3"]
[White "Lecorre, Joel"]
[Black "Seguin, Hubert"]
[Result "1-0"]
[WhiteElo "1541"]
[BlackElo "1578"]
[PlyCount "125"]
[GameId "2160767912811184"]
[EventDate "1982.11.26"]
[EventType "swiss"]
[EventRounds "5"]
[EventCountry "CAN"]
[SourceTitle "Matou #19"]

1. d4 f5 2. h3 Nf6 3. g4 e6 4. Bg5 Be7 5. e3 O-O 6. Nc3 d5 7. Bxf6 Bxf6 8. Bg2 b6 9. Qd3 Ba6 10. Qd2 Bb7 11. gxf5 exf5 12. Nge2 Bg5 13. f4 Bh4+ 14. Kf1 c6 15. Rg1 Nd7 16. Qd3 Qe7 17. Bf3 Rae8 18. Nd1 Nf6 19. Qxf5 Bc8 20. Qd3 Bxh3+ 21. Bg2 Qe6 22. Bxh3 Qxh3+ 23. Rg2 Qf3+ 24. Kg1 Ng4 25. e4 dxe4 26. Qc4+ Kh8 27. Qxc6 Ne3 28. Nxe3 Qxe3+ 29. Kh1 Rc8 30. Qd6 Bf6 31. c3 Qh3+ 32. Kg1 Qh5 33. Qe6 Rce8 34. Qg4 Qd5 35. Rh2 Qf7 36. Kg2 e3 37. Rah1 Qd5+ 38. Kf1 Kg8 39. Rxh7 Kf7 40. R1h5 Qe4 41. Rh3 Qb1+ 42. Kg2 Qc2 43. f5 Re4 44. Qg6+ Ke7 45. Kf3 Re6 46. Qg4 Bxd4 47. cxd4 Rxf5+ 48. Kg3 Rg6 49. Qxg6 Rf3+ 50. Kxf3 Qxg6 51. Kxe3 Qe6+ 52. Kd2 Kf6 53. R3h6+ g6 54. Rxa7 Qd5 55. Rhh7 Qg5+ 56. Kd3 Qf5+ 57. Kc4 Qc2+ 58. Nc3 Qxb2 59. d5 Qc2 60. Rhf7+ Kg5 61. a4 Qg2 62. Rae7 Qg4+ 63. Ne4+ 1-0

[Event "TORO"]
[Site "Hull CAN"]
[Date "1982.11.28"]
[Round "4"]
[White "Morin, Louis"]
[Black "Desforges, Jean"]
[Result "1-0"]
[WhiteElo "1906"]
[BlackElo "1900"]
[PlyCount "49"]
[GameId "2160767912811185"]
[EventDate "1982.11.26"]
[EventType "swiss"]
[EventRounds "5"]
[EventCountry "CAN"]
[SourceTitle "hb 2013"]

1. e4 Nf6 2. Nc3 d5 3. e5 d4 4. exf6 dxc3 5. fxg7 Bxg7 6. bxc3 Qd5 7. Bb2 Bf5 8. Be2 Qe6 9. Nf3 c5 10. O-O Rg8 11. Nh4 Bh3 12. Bb5+ Nc6 13. Re1 Qh6 14. Qf3 Bd7 15. Nf5 Bxf5 16. Qxf5 Qd6 17. Ba3 b6 18. d4 Bf6 19. dxc5 Qd7 20. Qxf6 Rc8 21. cxb6 Rxg2+ 22. Kxg2 Qd5+ 23. Kg1 Qxb5 24. Qh8+ Kd7 25. Rad1+ 1-0

[Event "Tale of Two Cities"]
[Site "Calgary/Edmonton CAN"]
[Date "1982.03.28"]
[Round "1"]
[White "Hawkes, Rob"]
[Black "Greben, Jan"]
[Result "1-0"]
[WhiteElo "2194"]
[BlackElo "2259"]
[PlyCount "67"]
[GameId "2160767912848634"]
[EventDate "1982.03.28"]
[EventType "team"]
[EventRounds "1"]
[EventCountry "CAN"]
[SourceTitle "CFC 1982.11"]

1. e4 c5 2. Nc3 Nc6 3. g3 g6 4. Bg2 Bg7 5. d3 d6 6. Be3 Rb8 7. Qd2 b5 8. a3 Qa5 9. Rb1 b4 10. axb4 Qxb4 11. Nge2 Nd4 12. O-O Bg4 13. f3 Bd7 14. Nxd4 cxd4 15. Nd5 Qb7 16. Bf2 e6 17. Nf4 Ne7 18. Ne2 Nc6 19. f4 O-O 20. f5 Qc7 21. g4 exf5 22. gxf5 gxf5 23. Qg5 Kh8 24. exf5 Be5 25. Kh1 Rg8 26. Qh5 Rxg2 27. Kxg2 Rg8+ 28. Ng3 Nb4 29. Kg1 Qxc2 30. Rbc1 Qxd3 31. Rc7 Bb5 32. Rd1 Qe2 33. Qxe2 Bxe2 34. Rxd4 1-0

[Event "Tele-2 Final"]
[Site "Hull CAN"]
[Date "1982.08.01"]
[Round "2"]
[White "Laurin, Jacques"]
[Black "Laurin, Denys"]
[Result "0-1"]
[WhiteElo "1684"]
[BlackElo "1905"]
[PlyCount "82"]
[GameId "2160767912848318"]
[EventDate "1982.08.01"]
[EventType "tourn"]
[EventRounds "3"]
[EventCountry "CAN"]
[SourceTitle "Matou #17"]

1. e4 c5 2. Nf3 d6 3. Bc4 Nf6 4. d3 Nc6 5. Nc3 g6 6. Bg5 Bg7 7. O-O a6 8. a3 b5 9. Ba2 O-O 10. Qd2 b4 11. Ne2 Bg4 12. Bh6 Bxf3 13. gxf3 Ne5 14. Kg2 Qd7 15. Bxg7 Kxg7 16. Rg1 h5 17. d4 cxd4 18. Nxd4 bxa3 19. bxa3 h4 20. Kh1 Rh8 21. Rg5 Rag8 22. Rag1 Kf8 23. Qd1 Rh5 24. Bb3 Rxg5 25. Rxg5 Rh8 26. c3 Rh5 27. Qg1 Rxg5 28. Qxg5 Qh3 29. Qg2 Qxg2+ 30. Kxg2 Nh5 31. Ne2 g5 32. Bd5 e6 33. Bb7 a5 34. Ba6 Ke7 35. Nd4 Nf4+ 36. Kf1 Kd8 37. a4 Kc7 38. Be2 Kb6 39. Nb5 Kc5 40. Nd4 Nxe2 41. Kxe2 Nc4 0-1

[Event "Thanksgiving op"]
[Site "Winnipeg CAN"]
[Date "1982.10.10"]
[Round "?"]
[White "Baragar, Fletcher"]
[Black "Kaptsan, Aron"]
[Result "0-1"]
[WhiteElo "2271"]
[BlackElo "2103"]
[PlyCount "56"]
[GameId "2160767912811235"]
[EventDate "1982.10.10"]
[EventType "swiss"]
[EventRounds "6"]
[EventCountry "CAN"]
[SourceTitle "CFC 1982.11"]

1. d4 Nf6 2. c4 e6 3. Nc3 Bb4 4. e3 Nc6 5. Bd3 d5 6. Nf3 O-O 7. O-O h6 8. h3 a6 9. a3 dxc4 10. Bxc4 Bd6 11. e4 e5 12. Be3 Re8 13. Re1 b5 14. Ba2 Bb7 15. d5 Ne7 16. b4 Ng6 17. Qb3 Qe7 18. Rec1 Bc8 19. Bb1 Bd7 20. Bd3 Rec8 21. Ne2 Nh5 22. Ng3 Nhf4 23. Bf1 Qf6 24. Bc5 h5 25. Ra2 h4 26. Ne2 Nxe2+ 27. Bxe2 Nf4 28. Nh2 Nxh3+ 0-1

[Event "Toronto Class ch"]
[Site "Toronto CAN"]
[Date "1982.01.15"]
[Round "?"]
[White "Stravropoulos, Greg"]
[Black "Yee, Lorne"]
[Result "0-1"]
[WhiteElo "1995"]
[BlackElo "1935"]
[PlyCount "100"]
[GameId "2160767912848879"]
[EventDate "1982.01.15"]
[EventType "swiss"]
[EventRounds "5"]
[EventCountry "CAN"]

1. Nf3 d5 2. c4 c6 3. g3 Nd7 4. d4 e6 5. Bg2 Bd6 6. O-O Ngf6 7. Nc3 dxc4 8. e4 e5 9. Qe2 b5 10. Rd1 Qc7 11. Bg5 O-O 12. a3 h6 13. dxe5 Bxe5 14. Nxe5 Nxe5 15. Bxf6 gxf6 16. Qh5 Bg4 17. Qxh6 Bxd1 18. Nxd1 Qd6 19. Ne3 Rfe8 20. Nf5 Qf8 21. Qxf6 Re6 22. Qg5+ Kh8 23. Qh5+ Kg8 24. h4 Rg6 25. Qe2 Qc5 26. h5 Rg5 27. Rd1 Nd3 28. b4 Qb6 29. h6 Re8 30. Qd2 Rg6 31. Bf3 Kh7 32. Bh5 Rxe4 33. Bxg6+ fxg6 34. Nd6 Re6 35. Nf7 Re7 36. Ng5+ Kxh6 37. Kg2 Kg7 38. Rh1 Qd4 39. Rh7+ Kf6 40. Nf3 Qd5 41. Rxe7 Kxe7 42. Qh6 Ne1+ 43. Kf1 Nxf3 44. Qe3+ Kd6 45. Qxa7 Qe4 46. Qb8+ Kd5 47. Qd8+ Ke5 48. Qh8+ Kf5 49. Qf8+ Kg4 50. Qc8+ Qf5 0-1

[Event "Toronto Reserves"]
[Site "Toronto CAN"]
[Date "1982.02.??"]
[Round "1"]
[White "Evans, Bill"]
[Black "Kaminker, Harry"]
[Result "1/2-1/2"]
[WhiteElo "2028"]
[BlackElo "2173"]
[PlyCount "43"]
[GameId "2160767912848745"]
[EventDate "1982.02.??"]
[EventType "tourn"]
[EventRounds "11"]
[EventCountry "CAN"]
[SourceTitle "EXT 2022"]
[Source "ChessBase"]
[SourceDate "2021.10.06"]
[SourceVersion "1"]
[SourceVersionDate "2021.10.06"]
[SourceQuality "1"]

1. d4 Nf6 2. Nf3 e6 3. Bg5 c5 4. e3 d5 5. c3 Nbd7 6. Nbd2 Be7 7. Be2 b6 8. O-O O-O 9. a4 a6 10. Qc2 Qc7 11. Bf4 Qb7 12. Ne5 Nxe5 13. Bxe5 cxd4 14. exd4 Bd7 15. Bd3 g6 16. Rfe1 b5 17. a5 Rac8 18. Qd1 Ne8 19. Qf3 Nd6 20. Nb3 Nc4 21. Bxc4 bxc4 22. Nc5 1/2-1/2

[Event "Toronto Reserves"]
[Site "Toronto CAN"]
[Date "1982.02.??"]
[Round "1"]
[White "Knapp, Ernest"]
[Black "Berner, George"]
[Result "0-1"]
[WhiteElo "1940"]
[BlackElo "1981"]
[PlyCount "64"]
[GameId "2160767912848746"]
[EventDate "1982.02.??"]
[EventType "tourn"]
[EventRounds "11"]
[EventCountry "CAN"]
[SourceTitle "EXT 2022"]
[Source "ChessBase"]
[SourceDate "2021.10.06"]
[SourceVersion "1"]
[SourceVersionDate "2021.10.06"]
[SourceQuality "1"]

1. e4 Nc6 2. g3 e5 3. Bg2 Bc5 4. Ne2 Nf6 5. d3 h6 6. O-O d6 7. c3 Bg4 8. Be3 Bxe3 9. fxe3 Qd7 10. Qe1 O-O-O 11. c4 h5 12. b4 Nxb4 13. Qxb4 Bxe2 14. Rf5 Bg4 15. Nc3 Bxf5 16. exf5 c6 17. Rb1 Qc7 18. a4 Qb6 19. Qa3 Qxe3+ 20. Kh1 Ng4 21. Nd1 Nf2+ 22. Nxf2 Qxf2 23. Bxc6 bxc6 24. Qb3 Qb6 25. Qc2 Qa6 26. Qb3 Kc7 27. c5 d5 28. Qc3 f6 29. a5 Rb8 30. Rb6 axb6 31. cxb6+ Kd7 32. h4 Ra8 0-1

[Event "Toronto Reserves"]
[Site "Toronto CAN"]
[Date "1982.02.??"]
[Round "1"]
[White "Kuznecov, Alex"]
[Black "Boross-Harmer, Peter"]
[Result "1-0"]
[WhiteElo "2092"]
[BlackElo "1842"]
[PlyCount "81"]
[GameId "2160767912848747"]
[EventDate "1982.02.??"]
[EventType "tourn"]
[EventRounds "11"]
[EventCountry "CAN"]
[SourceTitle "EXT 2022"]
[Source "ChessBase"]
[SourceDate "2021.10.06"]
[SourceVersion "1"]
[SourceVersionDate "2021.10.06"]
[SourceQuality "1"]

1. c4 g6 2. Nc3 c5 3. g3 Bg7 4. Bg2 Nc6 5. a3 d6 6. Rb1 a5 7. Nf3 Bd7 8. O-O Nf6 9. d3 Qc8 10. Bg5 Rb8 11. Qd2 h6 12. Bf4 e5 13. Be3 Bh3 14. Nb5 Ke7 15. Ne1 Bxg2 16. Kxg2 Ng4 17. Nc2 Qe6 18. Nc7 Qd7 19. Nd5+ Ke8 20. b4 axb4 21. axb4 Nxe3+ 22. Qxe3 Nd4 23. Qd2 f5 24. bxc5 dxc5 25. Nxd4 cxd4 26. Rb6 Kf7 27. Rfb1 Rhc8 28. Qb4 Rc6 29. Rxc6 Qxc6 30. Qe7+ Kg8 31. Rb6 Qe8 32. Rxb7 Qf8 33. Qe6+ Kh7 34. Nf6+ Qxf6 35. Qxf6 Rxb7 36. Qe6 Rc7 37. h4 h5 38. Qd6 Rf7 39. c5 e4 40. c6 exd3 41. exd3 1-0

[Event "Toronto Reserves"]
[Site "Toronto CAN"]
[Date "1982.02.??"]
[Round "1"]
[White "Nasir, Nasim"]
[Black "Stavropoulos, Greg"]
[Result "0-1"]
[WhiteElo "1848"]
[BlackElo "1933"]
[PlyCount "112"]
[GameId "2160767912848748"]
[EventDate "1982.02.??"]
[EventType "tourn"]
[EventRounds "11"]
[EventCountry "CAN"]
[SourceTitle "EXT 2022"]
[Source "ChessBase"]
[SourceDate "2021.10.06"]
[SourceVersion "1"]
[SourceVersionDate "2021.10.06"]
[SourceQuality "1"]

1. e4 c5 2. Nf3 Nc6 3. d4 cxd4 4. Nxd4 g6 5. Nxc6 bxc6 6. Qd4 f6 7. Bc4 Ba6 8. O-O Qb6 9. Qd3 Bxc4 10. Qxc4 Bh6 11. Nd2 Rb8 12. Nb3 Bxc1 13. Raxc1 Nh6 14. Rcd1 Nf7 15. Qd4 Ne5 16. a4 Qxd4 17. Rxd4 d6 18. f4 c5 19. Rdd1 Nc4 20. Rb1 Rb4 21. Rfe1 Kd7 22. a5 Rhb8 23. Kf2 Kc6 24. Ke2 R8b5 25. Kd1 Nxa5 26. Nxa5+ Rxa5 27. c3 Rb3 28. e5 fxe5 29. fxe5 c4 30. exd6 exd6 31. Re7 Rb7 32. Re4 Rd5+ 33. Kc2 Kc5 34. Ra1 Rf5 35. Ra5+ Rb5 36. Rxb5+ Kxb5 37. Re2 a5 38. b3 d5 39. Kb2 Kc5 40. bxc4 Kxc4 41. Rd2 Rf4 42. h3 a4 43. g4 a3+ 44. Kxa3 Kxc3 45. Rxd5 Rf3 46. Rc5+ Kd4+ 47. Kb4 Rxh3 48. Rc7 Ke5 49. Rf7 Rh4 50. Kc3 h6 51. g5 hxg5 52. Kd2 Rf4 53. Rg7 Kf6 54. Rg8 g4 55. Ke3 Rf3+ 56. Ke2 Kg5 0-1